000 00371nam a2200133Ia 4500
008 151001s9999||||xx |||||||||||||| ||und||
100 _a कुश्नचंदर
245 _aएक गधे कि आत्मकथा
250 _a1
260 _bहिंदी पोकेट बुक्स
260 _c1989
300 _a143
365 _b18
999 _c972146
_d972143